Contribuciones en ciencia del mar en Colombia : (Registro nro. 4379)

Detalles MARC
000 -CABECERA
Campo de control 01123nam a2200301 a 4500
005 - FECHA Y HORA DE LA ULTIMA TRANSACCION
Campo de control 20180212150220.0
008 - ELEMENTOS DE LONGITUD FIJA—INFORMACION GENERAL
Campo de control 140314s2004 ck abd gr|||| 000 0 spa d
020 ## - ISBN
ISBN 9587014251
040 ## - FUENTE DE CATALOGACIÓN
Agencia catalogadora original CO-BoIAVH
Agencia transcriptora CO-BoIAVH
041 0# - IDIOMA
Código de idioma para texto/pista de sonido o título separado Español
044 ## - PAÍS DE PUBLICACIÓN
País de publicación Colombia
082 04 - NUMERO DE CLASIFICACION DECIMAL DEWEY
Número de clasificación 577.7
Número del ítem C19c
100 1# - ASIENTO PRINCIPAL--NOMBRE PERSONAL
Nombre personal Campos C., Néstor Hernando
9 (RLIN) 89715
245 10 - MENCION DE TITULO
Título Contribuciones en ciencia del mar en Colombia :
Parte restante del título investigación y desarrollo de territorios promisorios
250 ## - MENCION DE EDICION
Mención de edición Primera edición
260 ## - PUBLICACION, DISTRIBUCION, ETC. (PIE DE IMPRENTA)
Lugar de publicación, distribución, etc. Bogotá:
Nombre del editor, distribuidor, etc. Red de Estudios del Mundo Marino;
-- Universidad Nacional de Colombia,
Fecha de publicación, distribución, etc. 2004.
300 ## - DESCRIPCION FISICA
Extensión 260 páginas :
Otros detalles físicos Ilustraciones, mapas, gráficos ;
Dimensiones 24 x 17 cm.
650 #4 - ASIENTO SECUNDARIO DE MATERIA - TERMINO TEMATICO
Término temático o nombre geográfico como elemento de entrada Ecología Marina
Subdivisión geográfica Colombia
9 (RLIN) 89716
650 #4 - ASIENTO SECUNDARIO DE MATERIA - TERMINO TEMATICO
Término temático o nombre geográfico como elemento de entrada Ecología de islas
Subdivisión geográfica Colombia
9 (RLIN) 89717
650 #4 - ASIENTO SECUNDARIO DE MATERIA - TERMINO TEMATICO
Término temático o nombre geográfico como elemento de entrada Biología marina
Subdivisión geográfica Colombia
9 (RLIN) 89718
650 #4 - ASIENTO SECUNDARIO DE MATERIA - TERMINO TEMATICO
Término temático o nombre geográfico como elemento de entrada Oceanografía
Subdivisión geográfica Mar Caribe
9 (RLIN) 89719
650 #4 - ASIENTO SECUNDARIO DE MATERIA - TERMINO TEMATICO
Término temático o nombre geográfico como elemento de entrada Ecología de estuarios
9 (RLIN) 52885
650 #4 - ASIENTO SECUNDARIO DE MATERIA - TERMINO TEMATICO
Término temático o nombre geográfico como elemento de entrada Ecología costera
9 (RLIN) 89720
650 #4 - ASIENTO SECUNDARIO DE MATERIA - TERMINO TEMATICO
Término temático o nombre geográfico como elemento de entrada Conservación de los recursos marinos
Subdivisión geográfica Colombia
9 (RLIN) 89721
650 #4 - ASIENTO SECUNDARIO DE MATERIA - TERMINO TEMATICO
Término temático o nombre geográfico como elemento de entrada Contaminación marina
9 (RLIN) 31816
700 1# - ASIENTO SECUNDARIO - NOMBRE PERSONAL
Nombre personal Acero P., Arturo
9 (RLIN) 7522
942 ## - ELEMENTOS ADICIONALES (KOHA)
Tipo de ítem Libro
Sistema de clasificación Dewey Decimal Classification
Existencias
Withdrawn status Lost status Sistema de Clasificación Damaged status No para préstamo Colección Inventariado Ubicación Permanente Ubicación actual Fecha de adquisición Fuente de Valor Valor Total Checkouts Número topográfico Inventario / Código de Barras Date last seen Ejemplar Price effective from Forma de adquisición Tipo de material
    Dewey Decimal Classification     General Inventariado 2017 Bogotá Bogotá 04/04/2005 Librería Unal 30000.00   LB-577.7 C19c 017709 04/12/2012 Ej. 1 04/12/2012   Libro
    Dewey Decimal Classification     General Inventariado 2017 Sala Fabio Quevedo Sala Fabio Quevedo 04/04/2005 Librería Unal 30000.00   LB-577.7 C19c 017710 04/12/2012 Ej. 2 04/12/2012 Donación Libro